<?xml version="1.0" encoding="UTF-8"?>
<record
    xmlns:xsi="http://www.w3.org/2001/XMLSchema-instance"
    xsi:schemaLocation="http://www.loc.gov/MARC21/slim http://www.loc.gov/standards/marcxml/schema/MARC21slim.xsd"
    xmlns="http://www.loc.gov/MARC21/slim">

  <leader>01063nam a22003017a 4500</leader>
  <controlfield tag="003">0</controlfield>
  <controlfield tag="005">20160609170525.0</controlfield>
  <controlfield tag="008">110221t        xxu||||| |||| 00| 0 eng d</controlfield>
  <datafield tag="037" ind1=" " ind2=" ">
    <subfield code="a">M16712</subfield>
    <subfield code="b">BIBLIO</subfield>
  </datafield>
  <datafield tag="040" ind1=" " ind2=" ">
    <subfield code="a">BUAC</subfield>
    <subfield code="b">Fr.</subfield>
    <subfield code="c">EPAC</subfield>
  </datafield>
  <datafield tag="082" ind1=" " ind2=" ">
    <subfield code="a">26.APE/DOG</subfield>
  </datafield>
  <datafield tag="100" ind1=" " ind2=" ">
    <subfield code="a">Lo&#xEF;c, D., DOSOU-SOGNON</subfield>
    <subfield code="9">14874</subfield>
  </datafield>
  <datafield tag="245" ind1=" " ind2=" ">
    <subfield code="a">Etude de discrimination intra et intersp&#xE9;cifique de Xanthopimpla stemmator Thunberg (Hym&#xE9;nopt&#xE8;re :Ichneumonidae) et pediobus furvus Gahan ( Hym&#xE9;nopt&#xE8;re : Eulophidae), parasito&#xEF;des des chrysalides de Sesamia calamistis Hampson( L&#xE9;pidopt&#xE8;re : Noctuidae).</subfield>
  </datafield>
  <datafield tag="250" ind1=" " ind2=" ">
    <subfield code="a">EPAC</subfield>
  </datafield>
  <datafield tag="260" ind1=" " ind2=" ">
    <subfield code="a">BUAC</subfield>
    <subfield code="b">EPAC</subfield>
    <subfield code="c">2007</subfield>
  </datafield>
  <datafield tag="300" ind1=" " ind2=" ">
    <subfield code="a">58 p</subfield>
    <subfield code="b">Couv.et ill. en cuol.</subfield>
    <subfield code="c">30cm</subfield>
  </datafield>
  <datafield tag="500" ind1=" " ind2=" ">
    <subfield code="a">M&#xE9;m ( M.) Physiol. ; EPAC /UAC. / 2007</subfield>
  </datafield>
  <datafield tag="504" ind1=" " ind2=" ">
    <subfield code="a">Bibliogr. p 46- p 57</subfield>
  </datafield>
  <datafield tag="630" ind1=" " ind2=" ">
    <subfield code="a">BOTANIQUE</subfield>
    <subfield code="9">14875</subfield>
  </datafield>
  <datafield tag="650" ind1=" " ind2=" ">
    <subfield code="a">PARASITE</subfield>
    <subfield code="9">14876</subfield>
  </datafield>
  <datafield tag="650" ind1=" " ind2=" ">
    <subfield code="a">:CHRYSALIDE</subfield>
    <subfield code="9">14877</subfield>
  </datafield>
  <datafield tag="650" ind1=" " ind2=" ">
    <subfield code="a">:SESAMIA CALAMISTIS</subfield>
    <subfield code="9">14878</subfield>
  </datafield>
  <datafield tag="650" ind1=" " ind2=" ">
    <subfield code="a">:HAMPSON</subfield>
    <subfield code="9">14879</subfield>
  </datafield>
  <datafield tag="653" ind1=" " ind2=" ">
    <subfield code="a">techniques</subfield>
  </datafield>
  <datafield tag="700" ind1=" " ind2=" ">
    <subfield code="a">GOUNOU, Saka</subfield>
    <subfield code="9">14880</subfield>
  </datafield>
  <datafield tag="710" ind1=" " ind2=" ">
    <subfield code="a">AGBAKA, Alphonse</subfield>
    <subfield code="9">14881</subfield>
  </datafield>
  <datafield tag="942" ind1=" " ind2=" ">
    <subfield code="c">THE</subfield>
  </datafield>
  <datafield tag="999" ind1=" " ind2=" ">
    <subfield code="c">49114</subfield>
    <subfield code="d">49114</subfield>
  </datafield>
  <datafield tag="952" ind1=" " ind2=" ">
    <subfield code="0">0</subfield>
    <subfield code="1">0</subfield>
    <subfield code="4">0</subfield>
    <subfield code="7">0</subfield>
    <subfield code="a">BEPAC</subfield>
    <subfield code="b">BEPAC</subfield>
    <subfield code="d">2011-02-21</subfield>
    <subfield code="e">don</subfield>
    <subfield code="l">0</subfield>
    <subfield code="o">26.APE/DOS</subfield>
    <subfield code="p">M16712EPAC</subfield>
    <subfield code="r">2011-02-21 00:00:00</subfield>
    <subfield code="t">1</subfield>
    <subfield code="w">2011-02-21</subfield>
    <subfield code="y">THE</subfield>
    <subfield code="z">Pr&#xEA;t &#xE0; domicile</subfield>
  </datafield>
  <datafield tag="952" ind1=" " ind2=" ">
    <subfield code="0">0</subfield>
    <subfield code="1">0</subfield>
    <subfield code="4">0</subfield>
    <subfield code="7">0</subfield>
    <subfield code="a">BEPAC</subfield>
    <subfield code="b">BEPAC</subfield>
    <subfield code="d">2011-02-21</subfield>
    <subfield code="e">Don</subfield>
    <subfield code="l">0</subfield>
    <subfield code="o">26.APE/DOS</subfield>
    <subfield code="p">M16711EPAC</subfield>
    <subfield code="r">2011-02-21 00:00:00</subfield>
    <subfield code="t">2</subfield>
    <subfield code="w">2011-02-21</subfield>
    <subfield code="y">THE</subfield>
    <subfield code="z">Pr&#xEA;t &#xE0; domicile</subfield>
  </datafield>
  <datafield tag="952" ind1=" " ind2=" ">
    <subfield code="0">0</subfield>
    <subfield code="1">0</subfield>
    <subfield code="4">0</subfield>
    <subfield code="7">0</subfield>
    <subfield code="a">BEPAC</subfield>
    <subfield code="b">BEPAC</subfield>
    <subfield code="d">2011-02-21</subfield>
    <subfield code="e">Don</subfield>
    <subfield code="l">0</subfield>
    <subfield code="o">26.APE/DOS</subfield>
    <subfield code="p">M16710EPAC</subfield>
    <subfield code="r">2011-02-21 00:00:00</subfield>
    <subfield code="t">3</subfield>
    <subfield code="w">2011-02-21</subfield>
    <subfield code="y">THE</subfield>
    <subfield code="z">Pr&#xEA;t &#xE0; domicile</subfield>
  </datafield>
</record>
